| 000 | 01006nam a22002417a 4500 | ||
|---|---|---|---|
| 999 |
_c19645 _d19645 |
||
| 003 | AR-CdUCM | ||
| 008 | 190518b ||||| |||| 00| 0 spa d | ||
| 040 |
_aMUNICIPALIDAD PROVINCIAL DEL CUSCO _cBIBLIOTECA MUNICIPAL DEL CUSCO |
||
| 082 |
_22ed. _a301.362 / _bG59 |
||
| 100 |
_aGolte, Jürgen _946 |
||
| 245 |
_aLos caballos de Troya de los invasores : _bestrategias campesinas en la conquista de la gran Lima / |
||
| 260 |
_aLima : _bInstituto de Estudios Peruanos, _c1990. |
||
| 300 |
_a241 páginas ; _bcuadros, gráficos, _c21 cm. |
||
| 440 |
_aSerie, Urbanización, migraciones y cambios en la sociedad peruana. _n9 _941103 |
||
| 505 | _aContenido: Origen campesino y desenvolvimiento urbano -- Los doce pueblos de origen y sus migrantes. | ||
| 650 |
_aMigración interna _98057 |
||
| 650 |
_aAspectos sociales _9262 |
||
| 650 |
_aPerú _935 |
||
| 700 |
_aAdams, Norma (coautor) _941104 |
||
| 710 |
_aInstituto de Estudios Peruanos (Lima) _99759 |
||
| 942 |
_2ddc _cLIBROS |
||
| 945 |
_aachl _d2019-05-18 |
||